| 000 | 00946cam a2200217 4500 | ||
|---|---|---|---|
| 001 | ABS60752 | ||
| 008 | 000000n1999 000 0 eng u | ||
| 035 | _a(Sirsi) u101248 | ||
| 100 | _aD'Arcy, E. | ||
| 245 | 4 | _aThe property market and urban competitiveness: a review. | |
| 260 | _c1999 | ||
| 490 |
_aUrban Studies _v36(5-6) May 1999, 917-928(7) |
||
| 520 | _aEvaluates the contribution which property makes to urban competitiveness, that is the ability of a city to create or exploit comparative advantage and thus achieve higher economic growth than its competitors. Discusses physical and legal aspects of property, the property market process, external influences on the property market, and the property market as an instrument of policy. | ||
| 650 | _aPROPERTY MARKET | ||
| 650 | _aURBAN AREAS | ||
| 650 | _aCOMPETITIVENESS | ||
| 650 | _aECONOMIC GROWTH | ||
| 690 | _aECONOMIC AND SOCIAL | ||
| 700 | _aKeogh, G. | ||
| 942 | _n0 | ||
| 999 |
_c60402 _d60402 |
||